| 000 | 00618nam a22002057a 4500 | ||
|---|---|---|---|
| 999 |
_c59827 _d59827 |
||
| 005 | 20230425120943.0 | ||
| 008 | 230425s2022 enk||||| |||| 00| 0 eng d | ||
| 020 | _a9789941847929 | ||
| 041 | _aeng | ||
| 080 | _a617.5-089 E-97 | ||
| 245 |
_aExceptional and rare Cases in Surgery _cEditor Merab A. Kiladze. |
||
| 264 |
_a[Tbilisi], _c2022. |
||
| 300 |
_a377 p. : _bill.; _c24 sm. |
||
| 521 | _aEpiloge p.: 377 | ||
| 522 | _abibliogr. p.:365-376 | ||
| 653 | _aქირურგია | ||
| 653 | _aმედიცინა | ||
| 700 |
_aKiladze, Merab. A. _eრედაქტორი _917779 |
||
| 942 |
_2udc _cBK |
||